Anais do Simpósio Columbus
সংরক্ষণ করুন:
| বিন্যাস: | গ্রন্থ |
|---|---|
| ভাষা: | পর্তুগীজ |
| প্রকাশিত: |
Florianópolis
Universidade Federal de Santa Catarina
2002
|
| বিষয়গুলি: | |
| ট্যাগগুলো: |
ট্যাগ যুক্ত করুন
কোনো ট্যাগ নেই, প্রথমজন হিসাবে ট্যাগ করুন!
|
MARC
| LEADER | 00000cam a2200000 a 4500 | ||
|---|---|---|---|
| 001 | UCG9443 | ||
| 003 | CL-VaPUC | ||
| 005 | 20220924074314.0 | ||
| 008 | 120316e20020000bl 1 por d | ||
| 082 | 0 | 4 | |a 378.115 |b ANA |2 21 |
| 245 | 1 | 0 | |a Anais do Simpósio Columbus |
| 246 | 1 | 2 | |a O novo pacto: fins e meios de uma autonomia responsável |
| 260 | |a Florianópolis |b Universidade Federal de Santa Catarina |c 2002 | ||
| 300 | |a 148 p | ||
| 583 | |a last modification |c 20190908 09:12:07 |k Rodrigo Vera | ||
| 650 | 0 | 0 | |a Universidades |9 256317 |
| 650 | 0 | 0 | |a Educación superior |9 223851 |
| 942 | |c BK | ||
| 945 | |a dcastane |d 20120316 00:00:00 | ||
| 546 | |a En Portugués | ||
| 536 | |a Universidade Federal de Santa Catarina | ||
| 518 | |p Simpósio Columbus, 1, Floraniópolis, 2 al 3 de diciembre de 2002 | ||
| 999 | |c 384666 |d 384664 | ||
| 952 | |0 0 |1 0 |4 0 |6 378_115000000000000_ANA_2002 |7 0 |8 ED_SUP |9 507523 |a BIBGIM |b BIBGIM |c S_PSTGRDO |d 2020-01-23 |i 4835468 |o 378.115 ANA 2002 |p 4835468 |r 2025-01-15 |w 2020-01-23 |y BK |k ESU | ||